Central Library OPAC University of Rajshahi

The rise of Christianity / (Record no. 57545)

MARC details
000 -LEADER
fixed length control field 00661nam a2200229 a 4500
001 - CONTROL NUMBER
control field 57545
003 - CONTROL NUMBER IDENTIFIER
rucl marc code BD-RjUL
005 - DATE AND TIME OF LATEST TRANSACTION
control field 20211209080526.0
008 - FIXED-LENGTH DATA ELEMENTS--GENERAL INFORMATION
fixed length control field 161210r19481947enk b 001 0 eng d
035 ## - SYSTEM CONTROL NUMBER
System control number (BD-RjUL)57669
System control number 2375410
040 ## - CATALOGING SOURCE
Original cataloging agency ANL
Language of cataloging eng
Modifying agency BD-RjUL
Transcribing agency BD-RjUL
041 ## - LANGUAGE CODE
Language code of text/sound track or separate title eng
082 1# - DEWEY DECIMAL CLASSIFICATION NUMBER
Classification number 270
Edition number 23
Author mark and year BAR 1948
100 1# - MAIN ENTRY--PERSONAL NAME
Personal name Barnes, Ernest William,
Dates associated with a name 1874-1953.
9 (RLIN) 170883
245 14 - TITLE STATEMENT
Title The rise of Christianity /
Statement of responsibility, etc. Ernest William Barnes.
260 ## - PUBLICATION, DISTRIBUTION, ETC. (IMPRINT)
Place of publication, distribution, etc. London :
Name of publisher, distributor, etc. Longmans, Green and Co.,
Date of publication, distribution, etc. 1947 [impression1948].
300 ## - PHYSICAL DESCRIPTION
Pagination xx, 356 p. ;
Size 22 cm.
500 ## - GENERAL NOTE
General note Includes index.
650 #0 - SUBJECT ADDED ENTRY--TOPICAL TERM
Topical term or geographic name as entry element Church history
9 (RLIN) 170884
942 ## - ADDED ENTRY ELEMENTS (KOHA)
Source of classification or shelving scheme Dewey Decimal Classification
Koha item type Books
Holdings
Lost status Source of classification or shelving scheme Damaged status Not for loan Collection code Permanent Location Current Location Shelving location Date acquired Source of acquisition Cost, normal purchase price Total Checkouts Full call number Date last seen Copy number Koha item type
  Dewey Decimal Classification   Not For Loan Non-fiction Central Library, University of Rajshahi Central Library, University of Rajshahi Reading Room 16/01/1956 simpkin marchall 18.00   270 BAR 1948 10/12/2016 C-1 Books